[Event "POL-chT 2nd League"]
[Site "Jastrzebia Gora"]
[Date "2018.09.07"]
[Round "7.106"]
[White "Hennig, Tadeusz"]
[Black "Sielicki, Tomasz"]
[Result "0-1"]
[WhiteElo "2019"]
[BlackElo "1963"]
[PlyCount "85"]
[EventDate "2018.09.01"]
[EventType "team-swiss"]
[EventRounds "9"]
[EventCountry "POL"]
[SourceTitle "CBM 186 Extra"]
[Source "ChessBase"]
[SourceDate "2018.08.24"]
[SourceVersion "1"]
[SourceVersionDate "2018.08.24"]
[SourceQuality "1"]
[WhiteTeam "Olsztyn Debiut Dziesiatka"]
[BlackTeam "Warszawa Skoczek Trojanski"]
[WhiteTeamCountry "POL"]
[BlackTeamCountry "POL"]

1. e4 e5 2. Nf3 Nc6 3. Bc4 Bc5 4. c3 Nf6 5. d4 exd4 6. cxd4 Bb4+ 7. Nc3 Nxe4 8. 0-0 Bxc3 9. d5 Bf6 10. Re1 Ne7 11. Rxe4 d6 12. Bg5 Bxg5 13. Nxg5 h6 14. Nxf7 Kxf7 15. Qf3+ Nf5 16. Re6 Bxe6 17. dxe6+ Ke7 18. Qxf5 Qe8 19. Qa5 Qc6 20. Bd5 Qc5 21. Qd2 c6 22. Bf3 Rhf8 23. Rc1 Qg5 24. Qxg5+ hxg5 25. Bg4 Rf4 26. h3 a5 27. Re1 Rb4 28. Re2 a4 29. g3 Ra5 30. Re3 Ra8 31. b3 axb3 32. axb3 d5 33. Re5 g6 34. Rxg5 Kf6 35. f4 Rxb3 36. Re5 Ra2 37. Re1 Rxg3+ 38. Kh1 Ke7 39. Rf1 Rgg2 40. Re1 Rh2+ 41. Kg1 b5 42. Rc1 Rag2+ 43. Kf1 0-1

[Event "POL-chT 2nd League"]
[Site "Jastrzebia Gora"]
[Date "2018.09.03"]
[Round "3.106"]
[White "Mirski, Michal"]
[Black "Hennig, Tadeusz"]
[Result "1/2-1/2"]
[WhiteElo "1988"]
[BlackElo "2019"]
[PlyCount "81"]
[EventDate "2018.09.01"]
[EventType "team-swiss"]
[EventRounds "9"]
[EventCountry "POL"]
[SourceTitle "CBM 186 Extra"]
[Source "ChessBase"]
[SourceDate "2018.08.24"]
[SourceVersion "1"]
[SourceVersionDate "2018.08.24"]
[SourceQuality "1"]
[WhiteTeam "Staniatki Goniec"]
[BlackTeam "Olsztyn Debiut Dziesiatka"]
[WhiteTeamCountry "POL"]
[BlackTeamCountry "POL"]

1. e4 d5 2. exd5 Nf6 3. Nf3 Nxd5 4. d4 Bg4 5. Be2 e6 6. 0-0 Be7 7. c4 Nb6 8. Nc3 0-0 9. h3 Bh5 10. Be3 c6 11. Ne5 Bxe2 12. Qxe2 N8d7 13. Rad1 Qc7 14. Bf4 Qc8 15. Ne4 Nf6 16. Nxf6+ Bxf6 17. Ng4 Qd8 18. Nxf6+ Qxf6 19. Be5 Qe7 20. c5 Nc8 21. Rd3 Qd7 22. Qg4 f6 23. Bf4 Ne7 24. Bd6 Rfe8 25. Qe4 Nf5 26. Bf4 Rad8 27. Rfd1 Qd5 28. f3 Qxa2 29. b3 Rd5 30. g4 Nh4 31. R1d2 Qa5 32. Bg3 Ng6 33. Bd6 Qd8 34. f4 Qd7 35. Re2 b6 36. f5 Nf8 37. Bxf8 Rxf8 38. fxe6 Qe7 39. b4 Rfd8 40. Kg2 g6 41. Ra2 1/2-1/2

[Event "Olsztyn-ch"]
[Site "Olsztyn"]
[Date "2008.04.19"]
[Round "2.3"]
[White "Paprocki, Jaroslaw"]
[Black "Hennig, Tadeusz"]
[Result "1-0"]
[WhiteElo "2215"]
[BlackElo "2029"]
[PlyCount "65"]
[EventDate "2008.04.19"]
[EventType "swiss"]
[EventRounds "9"]
[EventCountry "POL"]
[SourceTitle "EXT 2023"]
[Source "ChessBase"]
[SourceDate "2022.10.05"]
[SourceVersion "1"]
[SourceVersionDate "2022.10.05"]
[SourceQuality "1"]

1. e4 d5 2. exd5 Nf6 3. d4 Nxd5 4. Nf3 Bg4 5. Be2 e6 6. 0-0 Be7 7. Re1 0-0 8. c3 c5 9. h3 Bh5 10. c4 Nb6 11. Be3 cxd4 12. Nxd4 Bxe2 13. Qxe2 Nc6 14. Nb5 a6 15. Rd1 Nd7 16. N5c3 Qc8 17. Nd2 Rd8 18. Nde4 Nf6 19. Bb6 Rxd1+ 20. Rxd1 Nd7 21. Na4 Qe8 22. Bc7 Rc8 23. Bd6 e5 24. Bxe7 Qxe7 25. Nd6 Rb8 26. Nf5 Qg5 27. Qf3 Nf6 28. Nc5 g6 29. Nh6+ Kg7 30. Ng4 Nxg4 31. hxg4 Nd4 32. Qe4 f5 33. Qxe5+ 1-0